Joshie2345 favourite song - Statistics

General Stats
  • This quiz has been taken 9 times
  • The average score is 25 of 100
Answer Stats
Hint Answer % Correct
Rocket Man Elton John
100%
Vienna Billy Joel
80%
I still haven't found what i'm looking for U2
80%
Glitter BENEE
60%
the chain Fleetwood mac
60%
Welcome to paradise Green Day
60%
Birthday Katy Perry
60%
Applause Lady Gaga
60%
Circles Post Malone
60%
Can't stop Red Hot Chili Peppers
60%
The House of the rising Sun The Animals
60%
Gimme shelter | Sympathy for the devil The Rolling stones
60%
the Adults are talking The strokes
60%
505 Arctic Monkeys
40%
Levels Avicii
40%
Instant Crush Daft Punk
40%
Nice for what Drake
40%
Mr Blue Sky Electric light Orchestra
40%
Everlong Foo Fighters
40%
That's Life Frank Sinatra
40%
In the wake of your leave | let me down easy | the angel of 8th ave. Gang of youths
40%
My sweet Lord George Harrison
40%
The Nosebleed Section Hilltop Hoods
40%
Power Kanye West
40%
Alright | i Kendrick Lamar
40%
8TEEN Khalid
40%
Stairway to Heaven Led Zeppelin
40%
Free Bird Lynyrd Skynyrd
40%
Malibu Miley Cyrus
40%
Everybody Talks Neon Trees
40%
Champagne Supernova Oasis
40%
Better Man Pearl Jam
40%
Kyoto Phoebe Bridgers
40%
best friend Rex orange county
40%
Booster seat | Hardlight Spacey Jane
40%
Gold on the ceiling The Black Keys
40%
Proud Mary Tina Turner
40%
Run alone 360
20%
You Oughta Know Alanis Morissette
20%
Tears dry on their own Amy Winehouse
20%
Cinema Benny Benassi
20%
Run away with me Carly Rae Jepsen
20%
Father and son Cat Stevens
20%
Adventure of a lifetime Coldplay
20%
White Room Cream
20%
Sultans of Swing Dire straits
20%
Jimmy Recard Drapht
20%
Son of a preacher man Dusty Springfield
20%
Clair De Lune Flight Facilities
20%
Rich GIrl Hall and Oates
20%
Weir Killing Heidi
20%
Juice Lizzo
20%
The Spins Mac Miller
20%
No Surprises Radiohead
20%
! (the song formerly known as) Regurgitator
20%
Innerbloom Rufus Du Sol
20%
Seventeen going under Sam Fender
20%
Fred Astaire San Cisco
20%
Don't stop Movin' S Club 7
20%
The King is Dead The Herd
20%
Let's dance to joy Division The Wombats
20%
Hertz Amyl and the sniffers
0%
Cherub Ball park Music
0%
Josie Blink-182
0%
Sunny Boney M
0%
Put your records on Corinne Bailey Rae
0%
100% Pure love Crystal Waters
0%
Come on mess me up Cub sport
0%
Ghosts N stuff Deadmau5
0%
Groove is in the heart Deee-lite
0%
Where'd all the time go Dr Dog
0%
The Difference Flume
0%
Don't Stop (Color on the walls) Foster the People
0%
Pyramids Frank Ocean
0%
On Melancholy Hill Gorillaz
0%
Lover, you should've come over Jeff buckley
0%
Busy Earnin Jungle
0%
All Caps MF DOOM
0%
Little Dark Age MGMT
0%
Les Fleurs Minnie Riperton
0%
Knights of Cydonia Muse
0%
99 Luftballons Nena
0%
B.O.B Outkast
0%
My adorable one Percy sledge
0%
Bonzo Goes to Bitburg Ramones
0%
Today Smashing pumpkins
0%
In the meantime Spacehog
0%
Say You'll be there Spice Girls
0%
Two Princes Spin Doctors
0%
Shine Take That
0%
Because I'm Me The Avalanches
0%
Dreams The Cranberries
0%
Is this how you feel? The Preatures
0%
Dear Mr Fantasy Traffic
0%
What I do Wanderers
0%
No matching quizzes found
Score Distribution
Percent of People with Each Score
Percentile by Number Answered
Your Score History
You have not taken this quiz